General college chemistry (Record no. 20956)

MARC details
000 -LEADER
fixed length control field 00330nam a2200133Ia 4500
082 ## - DEWEY DECIMAL CLASSIFICATION NUMBER
Classification number 054
Item number KEE
100 ## - MAIN ENTRY--AUTHOR NAME
Personal name Keenan, Charles William
245 #0 - TITLE STATEMENT
Title General college chemistry
250 ## - EDITION STATEMENT
Edition statement Ed.2
260 ## - PUBLICATION, DISTRIBUTION, ETC. (IMPRINT)
Place of publication Calcutta
Name of publisher Oxford
Year of publication 1957
700 ## - ADDED ENTRY--PERSONAL NAME
Personal name Wood, Jesse Hermon
942 ## - ADDED ENTRY ELEMENTS (KOHA)
Koha item type Books
Holdings
Withdrawn status Lost status Damaged status Not for loan Home library Current library Date acquired Cost, normal purchase price Full call number Accession Number Koha item type
        RRII Library RRII Library 16/12/2021 12.00 054 KEE 01678 Books